logo

Bir Sreshtho Munshi Abdur Rouf Library
Jhenaidah Cadet College

Douglas Bader: fight for the sky; (Record no. 8767)

MARC details
000 -LEADER
fixed length control field 01039nam a22002892a 4500
001 - CONTROL NUMBER
JCCL Control Number 8767
003 - CONTROL NUMBER IDENTIFIER
JCCL marc code BD-JhCC
005 - DATE AND TIME OF LATEST TRANSACTION
control field 20180303193606.0
008 - FIXED-LENGTH DATA ELEMENTS--GENERAL INFORMATION
fixed length control field 500101s1973 enka 001 0 eng d
020 ## - INTERNATIONAL STANDARD BOOK NUMBER
International Standard Book Number 0283979844
035 ## - SYSTEM CONTROL NUMBER
system control number (BD-JhCC)8767
040 ## - CATALOGING SOURCE
Original cataloging agency DLC
Transcribing agency DLC
Modifying agency EQO
-- BD-JhCC
041 ## - LANGUAGE CODE
Language code of Book eng
050 #0 - LIBRARY OF CONGRESS CALL NUMBER
Classification number UG1242.F5
Item number B3 1973
082 ## - DEWEY DECIMAL CLASSIFICATION NUMBER
Classification number 940.544941
DDC Edition number 19
Author mark and Year BAD 1973
100 1# - MAIN ENTRY--PERSONAL NAME
Personal name Bader, Douglas,
Dates associated with a name 1910-1982
245 10 - TITLE STATEMENT
Title Douglas Bader: fight for the sky;
Remainder of title the story of the Spitfire and the Hurricane. /
Statement of responsibility, etc With special contributions and help from Group Captain Sir Max Aitken [and others]; special research by John Frayn Turner, designed by Paul Watkins, photo research by John Moore
260 ## - PUBLICATION, DISTRIBUTION, ETC. (IMPRINT)
Place of publication, distribution, etc [London] :
Name of publisher, distributor, etc Sidgwick & Jackson,
Date of publication, distribution, etc [1973]
300 ## - PHYSICAL DESCRIPTION
Pagination 190 p.
Other physical details illus.
Dimensions 26 cm
500 ## - GENERAL NOTE
General note Including Index.
650 #0 - SUBJECT ADDED ENTRY--TOPICAL TERM
Topical term or geographic name as entry element Hurricane (Fighter plane)
650 #0 - SUBJECT ADDED ENTRY--TOPICAL TERM
Topical term or geographic name as entry element Spitfire (Fighter plane)
650 #0 - SUBJECT ADDED ENTRY--TOPICAL TERM
Topical term or geographic name as entry element World War, 1939-1945
General subdivision Aerial operations, British
740 0# -
Uncontrolled related/analytical title Fight for the sky
942 ## - ADDED ENTRY ELEMENTS (KOHA)
Source of classification or shelving scheme Dewey Decimal Classification
Koha item type Books
Holdings
Source of classification or shelving scheme Damaged status Not for loan Home library Current library Shelving location Date of accession Total Checkouts Full call number Barcode Date last seen Copy number Koha item type
Dewey Decimal Classification     JCC Rouf Library JCC Rouf Library General Stacks 03/03/2018   940.544941 BAD 1973 11381 03/03/2018 C-1 Books

JCC Library | Contacts | JCC Home

Last Update on 23 September 2017
Copyright @ 2017-2020 JCC Rouf Library
Rouf Library, Jhenidah Cadet College (JCC), Bangladesh